Sudden Death: McDonalds Menu Items - Statistics

General Stats
  • This quiz has been taken 404 times
  • The average score is 3 of 8
Answers on the Grid
Answers color-coded by a green-red scale on the quiz's grid according to % correct below.
Big Mac
McRib
Whopper
Fish Big Mac
Sausage Burrito
Baja Blast
Sad Meal
Spicy McChicken
Deluxe Filet-O-Fish
Hotcakes
Flurry
Chocolate Chip Cookie
Apple Pie
McHot Dog
Oatmeal
Orange Slices
 
Answer Stats
Answer % Correct
Big Mac
97%
McRib
68%
Spicy McChicken
52%
Apple Pie
44%
Hotcakes
24%
Chocolate Chip Cookie
21%
Oatmeal
9%
Sausage Burrito
8%
No matching quizzes found
Score Distribution
Percent of People with Each Score
Percentile by Number Answered
Your Score History
You have not taken this quiz